Art du charbonnier, ou Manière de faire le charbon de bois / (Record no. 153583)

MARC details
000 -LEADER
campo de control de longitud fija 01251nam a2200265 i 4500
001 - NÚMERO DE CONTROL
campo de control 153583
003 - IDENTIFICADOR DE NÚMERO DE CONTROL
campo de control ES-MaACL
005 - FECHA Y HORA DE LA ÚLTIMA TRANSACCIÓN
campo de control 20250816091139.0
008 - DATOS DE LONGITUD FIJA--INFORMACIÓN GENERAL
campo de control de longitud fija 990708s1761 fr f |||| | fre d
040 ## - FUENTE DE CATALOGACIÓN
Centro catalogador/agencia de origen CLM
Lengua de catalogación spa
Centro/agencia transcriptor CLM
100 1# - ENTRADA PRINCIPAL--NOMBRE DE PERSONA
Nombre de persona Duhamel Du Monceau, Henri-Louis.
9 (RLIN) 146391
245 10 - MENCIÓN DEL TÍTULO
Título Art du charbonnier, ou Manière de faire le charbon de bois /
Mención de responsabilidad, etc. par M. Duhamel du Monceau ; additions et corrections relatives a l'Art du charbonnier, par M. Duhamel du Monceau.
260 ## - PUBLICACIÓN, DISTRIBUCIÓN, ETC.
Lugar de publicación, distribución, etc. A Paris :
Nombre del editor, distribuidor, etc. chez Desaint & Saillant,
Fecha de publicación, distribución, etc. 1761.
300 ## - DESCRIPCIÓN FÍSICA
Extensión IV, 30, 13 p., [1] h. de grab. ;
Dimensiones Fol. (44 cm)
490 1# - MENCIÓN DE SERIE
Mención de serie Descriptions des arts et métiers faites ou approuvées par Messieurs de l'Académie Royale des Sciences
530 ## - NOTA DISPONIBLE DE FORMULARIO FÍSICO ADICIONAL
Nota de formato físico adicional disponible Disponible en formato digital.
596 ## - NOTA AL PIE DE IMPRENTA
NOTA AL PIE DE IMPRENTA Marca tip. en port.
597 ## - NOTA DE DESCRIPCIÓN FÍSICA
NOTA DE DESCRIPCIÓN FÍSICA Sign.: []2, a2m A-G2, H1, A-C2, D1.
599 ## - NOTA A LAS ILUSTRACIONES
NOTA A LAS ILUSTRACIONES La h. de grab., calc.: "Patte correxit 1760 C. Lucas scul 1717"
650 #4 - PUNTO DE ACCESO ADICIONAL DE MATERIA--TÉRMINO DE MATERIA
Término de materia o nombre geográfico como elemento de entrada Carbón-
Subdivisión de forma Obras anteriores a 1800.
9 (RLIN) 153958
830 00 - PUNTO DE ACCESO ADICIONAL DE SERIE-TÍTULO UNIFORME
Título uniforme Descriptions des arts et métiers
9 (RLIN) 241750
852 ## - LOCALIZACIÓN
Ubicación ES-MaACL
Número de control de estantería R-25-(1)
Nota libre - Enc. hol
Encuadernación . Olim: C-10827-70
856 ## - LOCALIZACIÓN Y ACCESO ELECTRÓNICOS
Identificador Uniforme de Recursos <a href="http://gallica.bnf.fr/ark:/12148/bpt6k10655945?rk=21459;2 ">http://gallica.bnf.fr/ark:/12148/bpt6k10655945?rk=21459;2 </a>
Nota pública BNF-Gallica
Holdings
Estatus retirado Estado de pérdida Estado de daño No para préstamo Colección Biblioteca de origen Biblioteca actual Ubicación en estantería Fecha de adquisición Fuente de adquisición Total de préstamos Signatura topográfica completa Código de barras Visto por última vez Precio de reemplazo Tipo de ítem Koha
        Colección digital Biblioteca del Ateneo de Madrid Biblioteca del Ateneo de Madrid Depósito 17/01/2008     R-25(1) 1160551 23/02/2023 23/02/2023 Libro impreso antiguo